000 00490cam a22001457a 4500
008 180718b1995 xxu||||| |||| 00| 0 eng d
082 _aAPPPA 94-95 GAN
100 _aGanu, Bhalachandra
245 _aReducing proceduralities in Administrative adjudication in customs and central excise
_cby Bhalachandra Ganu
260 _aNew Delhi
_bIndian Institute of Public Administration
_c1995
300 _a49p.
650 _aAPPPA
650 _aTariff
650 _aAdministrative Procedure - India
999 _c481102
_d481102